| 000 | 00471 a2200181 4500 | ||
|---|---|---|---|
| 020 | _a9780136042594 | ||
| 040 |
_aDLC _bDLC |
||
| 082 | _a006.3 | ||
| 100 | _aRussell, Stuart J | ||
| 110 | _aNorvig, Peter | ||
| 245 |
_aArtificial intelligence : a modern approach _cStuart J Russell |
||
| 250 | _a3 rd | ||
| 260 |
_aNew York _bPrentice Hall _c2010 |
||
| 300 | _a1132 p. | ||
| 650 | _aArtificial intelligence | ||
| 700 | _aStuart J Russell | ||
| 942 |
_cBK _k006.3 RUS _2ddc |
||
| 999 |
_c10781 _d10781 |
||